00509nam a2200145Ia 4500003000400000020001800004082001700022100001800039245003700057250001400094260004300108300001100151650001600162653018500178SGT a9780195693409 a658.381bBEL aBell, David A aElectronics devices and circuits a5th . Ed. bOxford University PressaN.Delhic2010 a1072p. aELECTRONICS aBASIC SEMICONDUCTOR AND PN-JUNCTION THEORY, SEMICONDUCTOR DIODES, DIODE APPLICATIONS, BIPOLAR JUNCTION TRANSISTORS, AC ANALYSIS OF BJT CIRCUITS, BJT SPECIFICATIONS AND PERFORMANCE